Sports Quiz

Random Sports Quiz

UCI Cyclo-cross WC 2001-2018 top 10 endstandings Quiz Stats

 Plays Quiz not verified by Sporcle

Support Sporcle.
Go Orange.
Score 0/180 Timer 06:00
0 Plays Today
Year. Pos. Nat. Answer % Correct
2016. 5. Netherlandsvan der Poel
98.5%
2017. 8. Netherlandsvan der Poel
98.5%
2018. 1. Netherlandsvan der Poel
98.5%
2001. 6. BelgiumNys
97.6%
2002. 1. BelgiumNys
97.6%
2004. 2. BelgiumNys
97.6%
2005. 1. BelgiumNys
97.6%
2006. 1. BelgiumNys
97.6%
2007. 1. BelgiumNys
97.6%
2008. 1. BelgiumNys
97.6%
2009. 1. BelgiumNys
97.6%
2010. 3. BelgiumNys
97.6%
2011. 3. BelgiumNys
97.6%
2012. 2. BelgiumNys
97.6%
2013. 3. BelgiumNys
97.6%
2016. 1. Belgiumvan Aert
97.6%
2016. 4. BelgiumNys
97.6%
2017. 1. Belgiumvan Aert
97.6%
2018. 2. Belgiumvan Aert
97.6%
2008. 6. CzechiaStybar
95.3%
2009. 3. CzechiaStybar
95.3%
2010. 1. CzechiaStybar
95.3%
2012. 3. CzechiaStybar
95.3%
2009. 6. NetherlandsAl
88.1%
2009. 9. BelgiumAlbert
86.6%
2010. 2. BelgiumAlbert
86.6%
2011. 1. BelgiumAlbert
86.6%
2012. 10. BelgiumAlbert
86.6%
2013. 1. BelgiumAlbert
86.6%
2014. 3. BelgiumAlbert
86.6%
2013. 4. Netherlandsvan der Haar
84.9%
2014. 1. Netherlandsvan der Haar
84.9%
2015. 2. Netherlandsvan der Haar
84.9%
2016. 2. Netherlandsvan der Haar
84.9%
2018. 10. Netherlandsvan der Haar
84.9%
2016. 8. BelgiumAerts
81.9%
2017. 9. BelgiumAerts
81.9%
2018. 3. BelgiumAerts
81.9%
2009. 4. BelgiumPauwels
81.6%
2010. 5. BelgiumPauwels
81.6%
2011. 2. BelgiumPauwels
81.6%
2012. 1. BelgiumPauwels
81.6%
2013. 2. BelgiumPauwels
81.6%
2014. 4. BelgiumPauwels
81.6%
2015. 1. BelgiumPauwels
81.6%
2016. 3. BelgiumPauwels
81.6%
2017. 2. BelgiumPauwels
81.6%
2018. 6. BelgiumPauwels
81.6%
2008. 3. NetherlandsBoom
81%
2009. 5. NetherlandsBoom
81%
2001. 2. BelgiumWellens
80.7%
2002. 3. BelgiumWellens
80.7%
2003. 1. BelgiumWellens
80.7%
2004. 3. BelgiumWellens
80.7%
2005. 10. BelgiumWellens
80.7%
2006. 4. BelgiumWellens
80.7%
2007. 2. BelgiumWellens
80.7%
2008. 2. BelgiumWellens
80.7%
2009. 2. BelgiumWellens
80.7%
2011. 10. BelgiumWellens
80.7%
Year. Pos. Nat. Answer % Correct
2003. 9. BelgiumVanthourenhout
80.4%
2004. 8. BelgiumVanthourenhout
80.4%
2005. 2. BelgiumVanthourenhout
80.4%
2006. 9. BelgiumVanthourenhout
80.4%
2007. 6. BelgiumVanthourenhout
80.4%
2008. 8. BelgiumVanthourenhout
80.4%
2009. 8. BelgiumVanthourenhout
80.4%
2011. 9. BelgiumVanthourenhout
80.4%
2017. 4. BelgiumVanthourenhout
80.4%
2018. 4. BelgiumVanthourenhout
80.4%
2001. 1. NetherlandsGroenendaal
78.3%
2002. 4. NetherlandsGroenendaal
78.3%
2003. 4. NetherlandsGroenendaal
78.3%
2004. 1. NetherlandsGroenendaal
78.3%
2005. 5. NetherlandsGroenendaal
78.3%
2006. 8. NetherlandsGroenendaal
78.3%
2008. 7. NetherlandsGroenendaal
78.3%
2001. 3. BelgiumDe Clercq
71.5%
2001. 5. BelgiumVervecken
71.5%
2002. 2. BelgiumDe Clercq
71.5%
2002. 5. BelgiumVervecken
71.5%
2003. 2. BelgiumDe Clercq
71.5%
2003. 3. BelgiumDe Clercq
71.5%
2003. 6. BelgiumVervecken
71.5%
2004. 6. BelgiumVervecken
71.5%
2005. 3. BelgiumVervecken
71.5%
2006. 2. BelgiumVervecken
71.5%
2007. 3. BelgiumVervecken
71.5%
2008. 4. BelgiumVervecken
71.5%
2009. 7. BelgiumVervecken
71.5%
2010. 8. BelgiumVervecken
71.5%
2004. 7. FranceMourey
69.7%
2007. 5. FranceMourey
69.7%
2008. 9. FranceMourey
69.7%
2010. 9. FranceMourey
69.7%
2011. 5. FranceMourey
69.7%
2012. 6. FranceMourey
69.7%
2013. 8. FranceMourey
69.7%
2014. 5. FranceMourey
69.7%
2015. 8. FranceMourey
69.7%
2007. 8. BelgiumVantornout
67.7%
2008. 5. BelgiumVantornout
67.7%
2009. 10. BelgiumVantornout
67.7%
2010. 4. BelgiumVantornout
67.7%
2011. 6. BelgiumVantornout
67.7%
2012. 4. BelgiumVantornout
67.7%
2013. 7. BelgiumVantornout
67.7%
2014. 6. BelgiumVantornout
67.7%
2016. 9. BelgiumVantornout
67.7%
2016. 6. BelgiumSweeck
67.4%
2017. 5. BelgiumSweeck
67.4%
2018. 5. BelgiumSweeck
67.4%
2015. 3. Netherlandsvan Kessel
64.1%
2017. 6. Netherlandsvan Kessel
64.1%
2018. 7. Netherlandsvan Kessel
64.1%
2012. 9. CzechiaSimunek
59.9%
2013. 6. CzechiaSimunek
59.9%
2017. 10. GermanyMeisen
58.8%
2012. 5. BelgiumMeeusen
53.1%
2014. 7. BelgiumMeeusen
53.1%
Year. Pos. Nat. Answer % Correct
2015. 5. BelgiumMeeusen
53.1%
2016. 7. BelgiumMeeusen
53.1%
2017. 3. BelgiumMeeusen
53.1%
2011. 8. GermanyWalsleben
52.8%
2014. 2. GermanyWalsleben
52.8%
2015. 4. GermanyWalsleben
52.8%
2005. 6. ItalyFranzoi
52.2%
2006. 7. ItalyFranzoi
52.2%
2001. 4. CzechiaDlask
48.7%
2003. 7. CzechiaDlask
48.7%
2005. 8. CzechiaDlask
48.7%
2006. 3. CzechiaDlask
48.7%
2017. 7. BelgiumMerlier
47.2%
2018. 8. BelgiumMerlier
47.2%
2001. 8. ItalyPontoni
46.6%
2001. 10. Netherlandsde Knegt
44.2%
2002. 8. Netherlandsde Knegt
44.2%
2006. 5. Netherlandsde Knegt
44.2%
2007. 4. Netherlandsde Knegt
44.2%
2010. 6. Netherlandsde Knegt
44.2%
2011. 7. Netherlandsde Knegt
44.2%
2001. 7. BelgiumVannoppen
43%
2002. 7. BelgiumVannoppen
43%
2004. 5. BelgiumVannoppen
43%
2005. 4. BelgiumVannoppen
43%
2014. 9. BelgiumPeeters
41.2%
2007. 10. BelgiumAernouts
39.8%
2010. 7. BelgiumAernouts
39.8%
2011. 4. BelgiumAernouts
39.8%
2012. 7. BelgiumAernouts
39.8%
2013. 5. BelgiumAernouts
39.8%
2014. 8. BelgiumAernouts
39.8%
2012. 8. FranceChainel
38.3%
2003. 10. FranceGadret
37.7%
2004. 10. FranceGadret
37.7%
2006. 6. FranceGadret
37.7%
2007. 9. FranceGadret
37.7%
2018. 9. BelgiumSoete
36.8%
2015. 10. SwitzerlandTaramarcaz
32.6%
2003. 5. BelgiumBerden
30.9%
2004. 4. BelgiumBerden
30.9%
2015. 7. BelgiumVermeersch
30.9%
2016. 10. BelgiumVermeersch
30.9%
2015. 9. United StatesPowers
26.4%
2015. 6. BelgiumAdams
25.8%
2004. 9. SwitzerlandHeule
22.8%
2007. 7. SwitzerlandHeule
22.8%
2008. 10. SwitzerlandHeule
22.8%
2010. 10. SwitzerlandHeule
22.8%
2013. 9. Netherlandsvan Amerongen
22%
2014. 10. Netherlandsvan Amerongen
22%
2002. 9. Netherlandsde Vos
15.4%
2013. 10. SwitzerlandZahner
13.4%
2001. 9. CzechiaPospisil
9.5%
2002. 6. CzechiaPospisil
9.5%
2005. 9. CzechiaMlynar
8.6%
2005. 7. BelgiumCommeyne
7.1%
2006. 10. Netherlandsvan Gils
5.9%
2002.10. NetherlandsNijland
2.1%
2003. 8. CzechiaJezek
0.9%

You're not logged in!

Compare scores with friends on all Sporcle quizzes.
OR
Log In

From the Vault

Three-Letter 'P' Words

by Chenchilla

The title of this quiz has our inner 10-year-old giggling uncontrollably.
Remove Ads.
Support Sporcle.
Get the best of Sporcle when you Go Orange. This ad-free experience offers more features, more stats, and more fun while also helping to support Sporcle. Thank you for becoming a member.

Show Comments

Extras

Created Feb 9, 2018ReportNominate
Tags:UCI Cycling, UCI Overall

Top Quizzes Today


Score Distribution

Your Account Isn't Verified!

In order to create a playlist on Sporcle, you need to verify the email address you used during registration. Go to your Sporcle Settings to finish the process.

Report this User

Report this user for behavior that violates our Community Guidelines.

Details: